000 00542nam a2200193Ia 4500
005 20250508151418.0
008 008 250505s9999 xx 000 0 eng d
037 _aTextual
040 _aFEDL
_beng
_cFEDL
041 _aeng
_2eng
084 _a330.973, CLO
_qFEDL
100 _aClough Shepard B.
245 0 _aAmerican way : The economic basis of our civilization
260 _aNew York, USA
_bThomas Y. Crowell
300 _a246p.
650 _aEconomics
942 _cTEXL
_h330.973, CLO
999 _c1329620
_d1329620